000 00357nam a2200133Ia 4500
008 240719s9999 xx 000 0 und d
041 _aeng
082 _a200 MEN
100 _aMenon, Ramesh
245 _aThe Srimad Bhagavad Gita
260 _aNew Delhi
_bRupa & Company
_c2007
300 _a338.; P. 24cm.
520 _aGifted By : IMT Faculty Dr. Pawan Jain
999 _c41264
_d41264